<?xml version="1.0" encoding="UTF-8"?>
<record
    xmlns:xsi="http://www.w3.org/2001/XMLSchema-instance"
    xsi:schemaLocation="http://www.loc.gov/MARC21/slim http://www.loc.gov/standards/marcxml/schema/MARC21slim.xsd"
    xmlns="http://www.loc.gov/MARC21/slim">

  <leader>01737nam a2200301 a 4500</leader>
  <controlfield tag="001">000046810</controlfield>
  <controlfield tag="005">20250115114738.0</controlfield>
  <controlfield tag="008">180328s2015    dr c          000 0 spa d</controlfield>
  <datafield tag="040" ind1=" " ind2=" ">
    <subfield code="a">DO-SdBNP</subfield>
    <subfield code="b">spa</subfield>
    <subfield code="c">BNPHU</subfield>
  </datafield>
  <datafield tag="082" ind1=" " ind2=" ">
    <subfield code="a">xxxx</subfield>
    <subfield code="b">B588n, 2015</subfield>
  </datafield>
  <datafield tag="111" ind1="2" ind2=" ">
    <subfield code="a">Bienal Nacional de Artes Visuales</subfield>
    <subfield code="n">(27&#xAA;</subfield>
    <subfield code="d">2015:</subfield>
    <subfield code="c">Santo Domingo, Rep&#xFA;blica Dominicana)</subfield>
    <subfield code="9">74762</subfield>
  </datafield>
  <datafield tag="245" ind1="1" ind2="0">
    <subfield code="a">Bienal nacional /</subfield>
    <subfield code="c">presentaci&#xF3;n Jos&#xE9; Antonio Rodr&#xED;guez ; introducci&#xF3;n Mar&#xED;a Elena Ditr&#xE9;n.</subfield>
  </datafield>
  <datafield tag="260" ind1=" " ind2=" ">
    <subfield code="a">Santo Domingo, :</subfield>
    <subfield code="b">Museo de Arte Moderno,</subfield>
    <subfield code="c">2015.</subfield>
  </datafield>
  <datafield tag="300" ind1=" " ind2=" ">
    <subfield code="a">315 p. ;</subfield>
    <subfield code="c">retrs.</subfield>
    <subfield code="c">32 cm.</subfield>
  </datafield>
  <datafield tag="500" ind1=" " ind2=" ">
    <subfield code="a">Incluye curriculums de artistas</subfield>
  </datafield>
  <datafield tag="505" ind1="0" ind2=" ">
    <subfield code="g">Presentacion /</subfield>
    <subfield code="r">Jos&#xE9; Antonio Rodr&#xED;guez --</subfield>
    <subfield code="t">Introducci&#xF3;n /</subfield>
    <subfield code="r">Mar&#xED;a Elena Ditr&#xE9;n --</subfield>
    <subfield code="t">La XXVII Bienal de Artes visuales, &#xA1;A la hora de los premios! /</subfield>
    <subfield code="r">Amable L&#xF3;pez Mel&#xE9;ndez --</subfield>
    <subfield code="t">La vig&#xE9;simo s&#xE9;ptima bienal de artes pl&#xE1;sticas --</subfield>
    <subfield code="t">Reformulaci&#xF3;n del concepto del arte y el del artista /</subfield>
    <subfield code="r">Laura Gil Fiallo --</subfield>
    <subfield code="r">Birgene Armenteros --</subfield>
    <subfield code="t">Invitados especiales --</subfield>
    <subfield code="t">Premios y menciones de honor --</subfield>
    <subfield code="t">Obras seleccionadas --</subfield>
    <subfield code="t">Curriculum artistas --</subfield>
    <subfield code="t">&#xCD;ndice de artistas --</subfield>
    <subfield code="t">Traducciones --</subfield>
    <subfield code="t">Agradecimientos /</subfield>
  </datafield>
  <datafield tag="590" ind1=" " ind2=" ">
    <subfield code="a">Inventariado, 2018/ YL</subfield>
  </datafield>
  <datafield tag="650" ind1=" " ind2="4">
    <subfield code="a">Arte dominicano</subfield>
    <subfield code="y">SIGLO XX</subfield>
    <subfield code="9">23012</subfield>
  </datafield>
  <datafield tag="650" ind1=" " ind2="4">
    <subfield code="a">Arte moderno</subfield>
    <subfield code="y">SIGLO XX</subfield>
    <subfield code="9">54938</subfield>
  </datafield>
  <datafield tag="650" ind1=" " ind2="4">
    <subfield code="a">Pintura dominicana</subfield>
    <subfield code="x">Premios</subfield>
    <subfield code="9">23013</subfield>
  </datafield>
  <datafield tag="650" ind1=" " ind2="4">
    <subfield code="a">Escultura dominicana</subfield>
    <subfield code="x">Premios</subfield>
    <subfield code="9">54939</subfield>
  </datafield>
  <datafield tag="650" ind1=" " ind2="4">
    <subfield code="a">Cer&#xE1;mica dominicana</subfield>
    <subfield code="x">Premios</subfield>
    <subfield code="9">54940</subfield>
  </datafield>
  <datafield tag="700" ind1="1" ind2="2">
    <subfield code="a">Rodr&#xED;guez, Jos&#xE9; Antonio</subfield>
    <subfield code="e">pres.</subfield>
    <subfield code="9">30248</subfield>
  </datafield>
  <datafield tag="700" ind1="1" ind2="2">
    <subfield code="a">Ditr&#xE9;n, Mar&#xED;a Elena</subfield>
    <subfield code="e">intr.</subfield>
    <subfield code="9">57565</subfield>
  </datafield>
  <datafield tag="710" ind1="2" ind2=" ">
    <subfield code="a">Museo de Arte Moderno (Rep&#xFA;blica Dominicana)</subfield>
    <subfield code="9">54941</subfield>
  </datafield>
  <datafield tag="710" ind1="1" ind2=" ">
    <subfield code="a"> Rep&#xFA;blica Dominicana.</subfield>
    <subfield code="b"> Secretar&#xED;a de Estado de Cultura</subfield>
    <subfield code="9">6453</subfield>
  </datafield>
  <datafield tag="710" ind1="2" ind2=" ">
    <subfield code="a">Grupo Le&#xF3;n Jimenes (Rep&#xFA;blica Dominicana)</subfield>
    <subfield code="9">27171</subfield>
  </datafield>
  <datafield tag="952" ind1=" " ind2=" ">
    <subfield code="0">0</subfield>
    <subfield code="1">0</subfield>
    <subfield code="7">1</subfield>
    <subfield code="8">PD</subfield>
    <subfield code="a">PD</subfield>
    <subfield code="b">PD</subfield>
    <subfield code="c">CT</subfield>
    <subfield code="d">2018-03-28</subfield>
    <subfield code="i">LF1</subfield>
    <subfield code="l">0</subfield>
    <subfield code="o">xxxx B588n, 2015</subfield>
    <subfield code="p">46810-10</subfield>
    <subfield code="r">2020-06-25</subfield>
    <subfield code="w">2020-06-25</subfield>
    <subfield code="y">LFPD</subfield>
    <subfield code="Z">No se presta</subfield>
  </datafield>
  <datafield tag="999" ind1=" " ind2=" ">
    <subfield code="c">46299</subfield>
    <subfield code="d">46299</subfield>
  </datafield>
</record>
